| 000 | nam a22 a 4500 | ||
|---|---|---|---|
| 999 |
_c490195 _d490195 |
||
| 003 | BLK | ||
| 005 | 20230327095302.0 | ||
| 008 | 210628b bu |||||r|||| 00| | bu d | ||
| 040 | _aBLK | ||
| 041 |
_aRUS _cRUS |
||
| 080 |
_aАнглийска литература _b821.111 _x-31 _z821.111-31 |
||
| 100 |
_9276044 _aДефо, Даниэль _eпърви автор |
||
| 139 |
_aДефо, Даниэль _bД 46 |
||
| 245 |
_aЖизнь и удивительные приключения Робинзона Крузо, моряка из Йорка _b[Для ст. школ. возраста] _cДаниэль Дефо; [Пер. с англ. М. А. Шишмаревой]. |
||
| 257 | _aGBR | ||
| 260 |
_9212424 _aМосква _bМеталлургия _c1982 _n5-217- |
||
| 300 |
_a327 с. _bс ил. _c21 см. |
||
| 380 | _aX | ||
| 490 |
_9458676 _aБиблиотека приключений _v1 |
||
| 500 | _aБибл. приключений. В 20-ти т. Т. 1. | ||
| 700 |
_9460996 _aШишмарева, М. А. _eпер. с англ. |
||
| 856 |
_i0.00 _ldisable |
||
| 942 |
_cKNG _n0 _s1 |
||
| 944 |
_aCR _c2023-03-27 _kКети |
||